| 000 | 00572 a2200157 4500 | ||
|---|---|---|---|
| 020 | _a1563962837 | ||
| 082 | _a152.15 | ||
| 090 |
_c7325 _d7325 |
||
| 100 | _aHartmann, William M. | ||
| 245 |
_aSignals, Sound and Sensation _cHartmann, William M. |
||
| 260 |
_aUSA _bAIP Press _c1997 |
||
| 300 |
_axvii, 647 p. ; _bill. ; _c24 cm. |
||
| 500 | _aIncludes bibliographical references. | ||
| 650 | _a1. Auditory perception. 2. Psychoacoustics. 3. Singnal theory (Telecommunication). 4. Fourier analysis. 5. Sound. 6. Sognal processing--Mathematics. | ||
| 942 |
_cBK _k152.15 HAR |
||
| 999 |
_c11128 _d11128 |
||